[Event "Bijnor op"]
[Site "Bijnor"]
[Date "2024.03.19"]
[Round "6"]
[White "Priyansh, Arora"]
[Black "Vignesh, B2."]
[Result "0-1"]
[WhiteElo "1695"]
[BlackElo "2209"]
[PlyCount "90"]
[EventDate "2024.03.17"]
[EventType "swiss"]
[EventRounds "9"]
[EventCountry "IND"]
[SourceTitle "CB13_2024"]
[SourceDate "2024.03.27"]
[SourceVersion "1"]
[SourceVersionDate "2024.03.27"]
[SourceQuality "1"]

1. d4 d6 2. Nf3 g6 3. g3 Bg7 4. Bg2 Nd7 5. 0-0 e5 6. e3 e4 7. Nfd2 d5 8. c4 c6 9. Nc3 Ngf6 10. Qb3 Nb6 11. cxd5 cxd5 12. a4 a5 13. Qa3 Bf8 14. Qb3 h5 15. f3 exf3 16. Nxf3 Bg7 17. Ne5 0-0 18. Bd2 Be6 19. Rac1 Ng4 20. Nxg4 hxg4 21. Rfd1 Re8 22. Bf1 Nc4 23. Bxc4 dxc4 24. Qa2 Rc8 25. Be1 Bf5 26. Bf2 Bh6 27. Re1 Qb6 28. Rcd1 Bc2 29. Rd2 Bd3 30. Qa3 Bf8 31. Qa1 Bb4 32. Qd1 Bxc3 33. bxc3 Re4 34. Qa1 Kg7 35. Rb2 Qf6 36. Qd1 Rh8 37. Kg2 Ree8 38. Qxg4 Bf5 39. Qf4 g5 40. Qc7 Be4+ 41. Kf1 Rxh2 42. g4 Rh1+ 43. Ke2 Qf3+ 44. Kd2 Qxf2+ 45. Kc1 Rxe1# 0-1